Technology and Skill Demand: Labor Market Polarization in European Countries
Tento dokument pridáva nové dôkazy o polarizácii trhu práce v Európe poháňanej technologickými zmenami. Študuje najmä vzťah medzi efektmi premiestnenia a obnovy spojenými s automatizáciou a novými úlohami na jednej strane a dopytom po zručnostiach na strane druhej. Analýza sa zameriava na skupinu vy...
Salvato in:
| Autore principale: | |
|---|---|
| Altri autori: | |
| Natura: | Capitolo di libro |
| Lingua: | inglese |
| Soggetti: | |
| Tags: |
Nessun Tag, puoi essere il primo ad aggiungerne!!
|
MARC
| LEADER | 00000naa a2200000 4500 | ||
|---|---|---|---|
| 001 | 0300533 | ||
| 005 | 20240607094759.5 | ||
| 041 | 0 | |a eng | |
| 044 | |a CZ | ||
| 245 | 1 | 0 | |a Technology and Skill Demand: Labor Market Polarization in European Countries |c Martin Lábaj, Matej Vitáloš |
| 520 | |a Tento dokument pridáva nové dôkazy o polarizácii trhu práce v Európe poháňanej technologickými zmenami. Študuje najmä vzťah medzi efektmi premiestnenia a obnovy spojenými s automatizáciou a novými úlohami na jednej strane a dopytom po zručnostiach na strane druhej. Analýza sa zameriava na skupinu vyspelých európskych krajín a poskytuje robustné empirické dôkazy o tom, že technologický pokrok vedie k polarizácii trhu práce, keďže úlohy vytvorené novými technológiami sa zdajú byť vhodnejšie pre pracovníkov s vysokou a nízkou kvalifikáciou. Okrem tohto nového zistenia, že stredná trieda je riadená obnovou, potvrdzujeme, že automatizácia prispieva k nerovnosti zhora nadol. Tiež dokumentujeme, že muži a ženy sú neúmerne zasiahnutí technológiami vysídľovania a obnovy, a ukazujeme, že polarizácia trhu práce je silne spojená s kohortami pracovníkov v strednom veku. | ||
| 610 | 2 | 0 | |a trh práce |
| 610 | 2 | 0 | |a technológie nové |
| 610 | 2 | 0 | |a zručnosti |
| 610 | 2 | 0 | |a Európa |
| 100 | 1 | |a Lábaj, Martin, 1982- | |
| 700 | 1 | |a Vitáloš, Matej, 1993- | |